000
00278nam a22001217a 4500
008
171123b xxu||||| |||| 00| 0 eng d
041
_a
eng
080
_a
62
100
_a
27
101
_a
IM
245
_a
MECHANICAL DETAILS FOR PRODUCT DESIGN
_c
GREENWOOD,D.C
942
_2
udc
_c
BK
999
_c
38409
_d
38409